000 01125namaa2200277 i 4500
003 EG-GICUC
005 20260224141042.0
008 260224s1995 ua |||jr|||| 000 p ara d
040 _aEG-GiCUC
_bara
_cEG-GiCUC
_dEG-GiCUC
_erda
082 0 4 _221
_a811.1
_bM9523
092 0 4 _221
_a811.1
_bM9523
099 _a811.1 M9523
100 1 _aمحمد، ابراهيم عبد الرحمن
_eمؤلف.
245 1 2 _aالشعر الجاهلى :
_bقضاياه الفنية والموضوعية /
_cابراهيم عبد الرحمن.
264 _a[القاهرة (مصر)] :
_bمكتبة الناشر،
_c[1995].
300 _a397 صفحة ؛
_c24 سم
_bإيضاحيات، صور، مثيليات ؛ Illustrations
336 _2rdacontent
_atext
337 _2rdamedia
_aUnmediated
338 _2rdacarrier
_avolume
504 _aيشتمل على ارجاعات ببليوجرافية.
541 _aد. جابر عصفور ؛
_bالقاهرة ؛
_cإهداء ؛
_d2024.
650 1 7 _aالشعر العربى
_xتاريخ ونقد
_yالعصر الجاهلى
_2qrmak
651 1 _2qrmak
905 _aAya
942 _2ddc
_cBK
_e21
_n0
999 _c178709
_d178709